000
00317nam a22001337a 4500
008
180904b xxu||||| |||| 00| 0 eng d
020
_a
0840333315
041
_a
eng
080
_a
591
100
_a
7
101
_a
ZOO
245
_a
Live Animal Carcass Evaluation and Selection Manual
_c
Boggs, D.L
942
_2
udc
_c
BK
999
_c
47506
_d
47506